000 00565nam a22002057a 4500
003 OSt
005 20210306161631.0
008 210306s2007 sp a|||br|||| 00| j spa d
020 _a9788466216784
040 _aCO-JMCR
_cCO-JMCR
041 0 _aspa
082 _aC /
_bFORf
245 0 4 _aLas formas con el soldadito de plomo
260 _aMadrid :
_bLibsa,
_cc2007
300 _a[12] páginas :
_bilustraciones a color ;
_c25 cm
490 0 _aAprendo con imanes
650 1 4 _aCuentos infantiles
_914490
650 2 4 _aLiteratura infantil
_914491
942 _2ddc
_cBK
999 _c7476
_d7476